UBT Library

Zhvillimi urban : (Record no. 1122)

000 -LEADER
fixed length control field 00597nam a22002297a 4500
008 - FIXED-LENGTH DATA ELEMENTS--GENERAL INFORMATION
fixed length control field 150716b xxu||||| |||| 00| 0 alb d
020 ## - INTERNATIONAL STANDARD BOOK NUMBER
International Standard Book Number 9789951437301
041 0# - LANGUAGE CODE
Language code of text/sound track or separate title alb
080 ## - UNIVERSAL DECIMAL CLASSIFICATION NUMBER
Universal Decimal Classification number 72
-- 711.4
100 ## - Rafti
Rafti Beqaj, Binak ;
245 ## - TITLE STATEMENT
Title Zhvillimi urban :
Statement of responsibility, etc Binak Beqaj.
260 ## -
-- Prishtinë :
-- UBT;
-- 2015.
300 ## -
-- 214 f. :
-- me il. me ngjyra ;
-- 24 cm.
500 ## -
-- Parathënie: f. 3
650 #0 -
-- Urbanizmi
650 #0 -
-- Zhvillimi
650 #0 -
-- Planiikimi
650 #0 -
-- Dizajni
650 #0 -
-- Projektimi
650 #0 -
-- Ndërtimi
942 ## - ADDED ENTRY ELEMENTS (KOHA)
Source of classification or shelving scheme
Item type Books
Holdings
Withdrawn status Lost status Source of classification or shelving scheme Damaged status Not for loan Collection code Permanent location Current location Shelving location Date acquired Total Checkouts Full call number Date last seen Price effective from Koha item type Barcode
          Koleksioni i përgjithshem UBT - Lipjan UBT - Lipjan   04/23/2024   72.012BEQ 04/23/2024 04/23/2024 Books 002-800070675
          Koleksioni i përgjithshem UBT - Lipjan UBT - Lipjan   04/23/2024   72.012BEQ 04/23/2024 04/23/2024 Books 002-800070676
          Koleksioni i përgjithshem UBT - Lipjan UBT - Lipjan   04/23/2024   72.012BEQ 04/23/2024 04/23/2024 Books 002-800070677
          Koleksioni i përgjithshem UBT - Lipjan UBT - Lipjan   04/23/2024   72.012BEQ 04/23/2024 04/23/2024 Books 002-800070678
          Koleksioni i përgjithshem UBT - Prishtine UBT - Prishtine Koleksioni i përgjithshem 07/16/2015   72:711.4 BEQ 07/16/2015 07/16/2015 Books  
UBT Library © 2015-2024. All rights reserved University Education for Business and Technology